| Tag |
First Indicator |
Second Indicator |
Subfields |
| LEADER |
00000uam a2200000 a 4500 |
| 001 |
in00004264721 |
| 005 |
20260122213858.4 |
| 006 |
m o d |
| 007 |
cr cn |
| 008 |
160813s2004 xx o eng |
| 020 |
|
|
|z 0789732246
|
| 020 |
|
|
|z 9780789732248
|
| 035 |
|
|
|a (CaSebORM)0789732246
|
| 040 |
|
|
|d UtOrBLW
|
| 041 |
0 |
|
|a eng
|
| 100 |
1 |
|
|a Carroll, Carol,
|e author.
|
| 245 |
1 |
0 |
|a Start Your Own Home Business ...In No Time /
|c Carroll, Carol.
|
| 250 |
|
|
|a 1st edition.
|
| 264 |
|
1 |
|b Que,
|c 2004.
|
| 300 |
|
|
|a 1 online resource (264 pages)
|
| 336 |
|
|
|a text
|b txt
|2 rdacontent
|
| 337 |
|
|
|a computer
|b c
|2 rdamedia
|
| 338 |
|
|
|a online resource
|b cr
|2 rdacarrier
|
| 347 |
|
|
|a text file
|
| 520 |
|
|
|a Are you ready to find a better way of living and working? Millions of people just like you have found the career satisfaction they have always craved through starting their own business, whether as a full-time job or as a second income. Filled with practical advice, easy-to-follow to-do lists, and step-by-step planning and preparation, Start Your Own Home Business In No Time puts you on the road to small business ownership. Walk through the process of starting a home-based business-from evaluating your readiness to launch your own business, to writing a business plan, finding financing, setting up your office and equipment, getting legal issues and records in order and crafting a marketing plan that will build a strong client base. If you are like the many entrepreneurs who don't have the time to figure it all out on your own, let Start Your Own Home Business In No Time be your first step toward building the business of your dreams.
|
| 533 |
|
|
|a Electronic reproduction.
|b Boston, MA :
|c Safari,
|n Available via World Wide Web.
|d 2005.
|
| 538 |
|
|
|a Mode of access: World Wide Web.
|
| 542 |
|
|
|f Copyright © Que
|g 2005
|
| 588 |
|
|
|a Online resource; Title from title page (viewed September 14, 2004)
|
| 500 |
|
|
|a Electronic resource.
|
| 655 |
|
7 |
|a Electronic books.
|2 local
|
| 710 |
2 |
|
|a Safari, an O'Reilly Media Company.
|
| 856 |
4 |
0 |
|u https://proxy.library.tamu.edu/login?url=https://go.oreilly.com/TAMU/library/view/-/0789732246/?ar
|z Connect to this electronic resource
|t 0
|
| 999 |
f |
f |
|s 7e3b2975-966c-3874-8606-0c05294505fa
|i 2db5f418-ba9a-3f07-a727-24a5e6f1ba84
|t 0
|
| 952 |
f |
f |
|a Texas A&M University
|b College Station
|c Electronic Resources
|s www_evans
|d Available Online
|t 0
|h No information provided
|
| 998 |
f |
f |
|t 0
|l Available Online
|